000 00577nam a22001817a 4500
005 20251108174947.0
008 250721s2010 xx 000 0 ara d
082 1 4 _a345.07/بنا
100 1 _aالبنا، خليل
_eمؤلف
245 1 0 _aانحراف الأحداث بين القانون و المجتمع /
264 1 _aعمان :
_bالمؤلف،
_c2010.
300 _a174ص.
650 1 7 _aإنحراف الأحداث
650 1 7 _aالإصلاحيات
650 1 7 _aالنظام الجنائي لإصلاح الأحداث
942 _2ddc
_cBK
999 _c122574
_d122574